banner koha

Principais cadeias produtivas para o desenvolvimento da agroenergia no Norte do Brasil: limitações e perspectivas (Registro n. 337726)

MARC details
000 -LÍDER
fixed length control field 04836nab a2200457 4500
003 - CÓDIGO MARC DA AGÊNCIA CATALOGADORA
Campo de controle BR-BrBNA
005 - DATA E HORA DA ÚLTIMA ATUALIZAÇÃO
Campo de controle 20250821124924.0
008 - CAMPO DE TAMANHO FIXO
fixed length control field 250821b2021 bl.tr|pooa||| 00| 0 por |
040 ## - FONTE DA CATALOGAÇÃO
Agência catalogadora BR-BrBNA
Idioma da catalogação por
072 ## - CATEGORIA AGRIS
Código AGRIS F01 ; P06 ; E16 ; E21
100 ## - ENTRADA PRINCIPAL - NOME PESSOAL
Nome pessoal Souza, Micaele Rodrigues de
100 ## - ENTRADA PRINCIPAL - NOME PESSOAL
Nome pessoal Oliveira, Gabriel Duarte de
100 ## - ENTRADA PRINCIPAL - NOME PESSOAL
Nome pessoal Sousa, Rosinete Nogueira de
100 ## - ENTRADA PRINCIPAL - NOME PESSOAL
Nome pessoal Almeida, Tamyres Siglya Sousa de
100 ## - ENTRADA PRINCIPAL - NOME PESSOAL
Nome pessoal Santos, Ana Elisa Esteves dos
100 ## - ENTRADA PRINCIPAL - NOME PESSOAL
Nome pessoal Ságio, Solange Aparecida
245 ## - TÍTULO PRINCIPAL
Título principal Principais cadeias produtivas para o desenvolvimento da agroenergia no Norte do Brasil: limitações e perspectivas
500 ## - NOTA GERAL
Nota geral Bibliography p. 405-409 (105 ref.); Summaries (En, Pt); 1 illus.; 1 table
942 ## - ADDED ENTRY ELEMENTS (KOHA)
Koha item type Analítica
520 ## - NOTA DE RESUMO
Nota de conteúdo Main production chains for the development of agroenergyin Northern Brazil: limitations and perspective. Research focused on bioenergy has been intensified in an attempt to meet the targets which were defined through the Kyoto Protocol (1997). Representing one of the branches of bioenergy are biofuels and among the links in the biofuel production chains, the agricultural link stands out for being the main component of the formulation of the final fuel price, thus there is a need to seek raw materials that collaborate to reduce prices, in addition to enabling the decentralization of production. The northern region of the country specifically, holds a wide variety of species which present themselves as viable options for reducing dependence on fossil fuels. Thus, studies aimed at the study of these chains and, especially, these links, are necessary in order to verify limiting factors as well as potential factors. Therefore, the objective was to elaborate a bibliographic review on the biodiesel and ethanol production chain, both focused on the limiting factors, potentials and perspectives for the development of agroenergy in the North region. It is concluded that the perspectives are positive for the development of agroenergy in the North region, through the verified cultures. However, factors contribute to the limitation of bottlenecks that demand technological development, planning and government incentives, in order to expand a biofuels production chain in the North region.<br/><br/>Keyworks: bioenergy, feedstock, ethanol, biodiesel<br/>
520 ## - NOTA DE RESUMO
Nota de conteúdo Pesquisas voltadas para a bioenergia foram intensificadas na tentativa de cumprir as metas definidas pelo Protocolo de Kyoto (1997). Os biocombustíveis representam um dos ramos da bioenergia e entre os elos da cadeia produtiva dos biocombustíveis, o elo agrícola se destaca por ser o principal componente da formulação do preço final do combustível, havendo assim a necessidade de se buscar matérias-primas que colaborem para a redução dos preços, além de possibilitar a descentralização da produção. A região Norte do Brasil, especificamente, detém uma ampla variedade de espécies, que se apresentam como opções viáveis para a redução da dependência de combustíveis fósseis. Desta forma, trabalhos voltados para o estudo das cadeias do biodiesel e do etanol, principalmente desses elos, são essenciais, a fim de verificar fatores limitantes, bem como suas potencialidades. Portanto, objetivou-se elaborar uma revisão bibliográfica sobre a cadeia produtiva do biodiesel e etanol, visando apontar os principais fatores limitantes, potenciais e perspectivas para o desenvolvimento da agroenergia na região Norte. Sendo possível concluir que as perspectivas são positivas para o desenvolvimento da agroenergia na região Norte, por meio das culturas descritas. No entanto, fatores contribuem para a limitação de gargalos que demandam desenvolvimento tecnológico, planejamento e incentivo governamental, a fim de expandira cadeia produtiva de biocombustíveis na região Norte.<br/><br/>Palavras-chaves: bioenergia, matérias-primas, etanol, biodiesel
650 ## - ASSUNTO - THESAGRO
Cabeçalho tópico ou nome geográfico AGROENERGIA
650 ## - ASSUNTO - THESAGRO
Cabeçalho tópico ou nome geográfico CADEIA PRODUTIVA
650 ## - ASSUNTO - THESAGRO
Cabeçalho tópico ou nome geográfico BIOENERGIA
650 ## - ASSUNTO - THESAGRO
Cabeçalho tópico ou nome geográfico BIOCOMBUSTÍVEL
650 ## - ASSUNTO - THESAGRO
Cabeçalho tópico ou nome geográfico BIOMASSA
650 ## - ASSUNTO - THESAGRO
Cabeçalho tópico ou nome geográfico BIODIESEL
650 ## - ASSUNTO - THESAGRO
Cabeçalho tópico ou nome geográfico SOJA
650 ## - ASSUNTO - THESAGRO
Cabeçalho tópico ou nome geográfico DENDÊ
650 ## - ASSUNTO - THESAGRO
Cabeçalho tópico ou nome geográfico MACAÚBA
650 ## - ASSUNTO - THESAGRO
Cabeçalho tópico ou nome geográfico BABAÇU
650 ## - ASSUNTO - THESAGRO
Cabeçalho tópico ou nome geográfico ETANOL
650 ## - ASSUNTO - THESAGRO
Cabeçalho tópico ou nome geográfico MANDIOCA
650 ## - ASSUNTO - THESAGRO
Cabeçalho tópico ou nome geográfico BATATA DOCE
650 ## - ASSUNTO - THESAGRO
Cabeçalho tópico ou nome geográfico SORGO
650 ## - ASSUNTO - THESAGRO
Cabeçalho tópico ou nome geográfico REGIÃO NORTE
650 ## - ASSUNTO - THESAGRO
Cabeçalho tópico ou nome geográfico CRESCIMENTO
773 0# - ENTRADA ANALÍTICA
Host Biblionumber 4944
Registro do item 346130
Imprenta Universidade Federal de Tocantins. Centro de Monitoramento Ambiental e Manejo do Fogo 2010
Outro identificador 2024-6778
Título Journal of Biotechnology and Biodiversity (Brazil)
ISSN 2179-4804
Colação v. 9(4) p. 397-409; (2021)
Número de controle de registro BR2025002053
856 ## - ACESSO E ENDEREÇO ELETRÔNICO
Identificador uniforme de recurso - URI https://sistemas.uft.edu.br/periodicos/index.php/JBB/article/view/11310/19356

Nenhum exemplar disponível.

BINAGRI

Telefone: (61)3218-2567/2388/3357/2097 - binagri@agro.gov.br

Ministério da Agricultura e Pecuária , Esplanada dos Ministérios, Bloco D, Anexo B, Brasília/DF, CEP: 70.043-900